| 000 | 00674nam a2200205 a 4500 | ||
|---|---|---|---|
| 005 | 20210223123816.0 | ||
| 008 | 991125n 000 0 spa u | ||
| 035 | _aUPN01000068239 | ||
| 100 | 1 |
_aCalderón López Velarde, Jaime Rogelio _934742 |
|
| 222 | _aREVISTA INTERAMERICANA DE EDUCACION DE ADULTOS | ||
| 245 | _aComparación de dos diseños curriculares de educación de adultos : Andalucia, España y Michoacán, México | ||
| 260 | _aMichoacán, México | ||
| 300 | _a85-115 | ||
| 362 | 0 | _a1995 Vol. 3, no. 2 | |
| 653 | 0 | _aANDALUCIA, ESPAÑA | |
| 653 | 0 | _aEDUCACION COMPARADA | |
| 653 | 0 | _aEDUCACION DE ADULTOS | |
| 904 |
_aAC _b006050 |
||
| 905 | _aArticulo | ||
| 999 |
_c64438 _d64438 |
||